Maze runner quotes - Statistics

General Stats
  • This quiz has been taken 528 times
  • The average score is 14 of 15
Answer Stats
Hint Answer % Correct
"Everything starts going wrong the minute you showed up" Gally
100%
"still think I'm over reacting" gally
100%
"Listen greenie. You've been here 3 days and I've been here 3 year." gally
100%
"One thing we do know, is that we all have each other" newt
100%
"How's your first day greenie" newt
100%
"Didn't you listen to what I jus said, no one wants to be a runner. Plus you have to be chosen." newt
100%
"we get out now, or we die trying" thomas
99%
"We don't belong here. Somebody built the maze. I think it's time we find out what we're really up against." thomas
99%
"Yeah you've been here 3 years and you're still here. What does that tell you huh? maybe you should start doing something" thomas
99%
"I clunked my pants three times before they got me out of the box" chuck
98%
"If you ain't scared, you ain't human" alby
97%
"you just got out, now you want back in?" minho
97%
"I'm sorry hermano. Looks like you're tagged. You came from WCKD jorge
88%
The maze is one thing, but you kids wouldn't last one day out in the scorch. The elements don't kill you, the cranks will. janson
82%
"Hey chuck. New greenie huh. How does i fell like o be promoted" ben
80%
No matching quizzes found
Score Distribution
Percent of People with Each Score
Percentile by Number Answered
Your Score History
You have not taken this quiz